Online
Catalog
Normal view MARC view

Entry Nombre personal

Number of records used in: 10

001 - NÚMERO DE CONTROL

  • campo de control: 14890

003 - IDENTIFICADOR DEL NÚMERO DE CONTROL

  • campo de control: OSt

005 - FECHA Y HORA DE LA ÚLTIMA TRANSACCIÓN

  • campo de control: 20200615032501.0

008 - DATOS DE LONGITUD FIJA

  • campo de control de longitud fija: 200615|| aca||aabn | a|a d

040 ## - FUENTE DE LA CATALOGACIÓN

  • Centro catalogador/agencia de origen: OSt
  • Centro/agencia transcriptor: OSt

100 ## - ENCABEZAMIENTO-NOMBRE DE PERSONA

  • Nombre de persona: Valdez, Diógenes,
  • Fechas asociadas al nombre: 1941-2014

670 ## - FUENTE DE DATOS ENCONTRADOS

  • Cita de la fuente: Work cat.: (OSt)5014: Valdez, Diógenes, 1941-2014, Retrato de dinosaurios en la Era de Trujillo /, 2008.

Powered by Koha